bài giảng thiết bị dạy học dùng chung sử dụng hệ thống mạng máy tính

Uloženo v:
Podrobná bibliografie
Hlavní autor: Trần, Ngọc Thuận
Médium: Kniha
Vydáno: Đồng Tháp
Tagy: Přidat tag
Žádné tagy, Buďte první, kdo otaguje tento záznam!
Thư viện lưu trữ: Trung tâm Học liệu Lê Vũ Hùng, Trường Đại học Đồng Tháp
LEADER 00617pam a22001818a 4500
001 00039607
005 20171026081025.0
008 170520s ||||||Viesd
041 0 # |a Vie 
082 1 4 |a 004.6  |b B103GI 
100 1 # |a Trần, Ngọc Thuận 
245 1 0 |a bài giảng thiết bị dạy học dùng chung sử dụng hệ thống mạng máy tính  |c Trần Ngọc Thuận 
260 # # |a Đồng Tháp 
300 # # |a 12tr.  |c 27 cm 
852 # # |b Kho đọc  |j KD.1002527 
910 |d 20/05/2017 
980 # # |a Trung tâm Học liệu Lê Vũ Hùng, Trường Đại học Đồng Tháp